The Late 1990's Financial Crisis in Ecuador : Institutional Weaknesses, Fiscal Rigidities, and Financial Dollarization At Work /

This paper stresses three factors that amplified the 1990s financial crisis in Ecuador, namely institutional weaknesses, rigidities in public finances, and high financial dollarization. Institutional factors restricted the government's ability to respond in a timely manner and efficiently enoug...

Description complète

Détails bibliographiques
Auteur principal: Jacome, Luis
Format: Revue
Langue:English
Publié: Washington, D.C. : International Monetary Fund, 2004.
Collection:IMF Working Papers; Working Paper ; No. 2004/012
Accès en ligne:Full text available on IMF
LEADER 02024cas a2200241 a 4500
001 AALejournalIMF008570
008 230101c9999 xx r poo 0 0eng d
020 |c 5.00 USD 
020 |z 9781451842937 
022 |a 1018-5941 
040 |a BD-DhAAL  |c BD-DhAAL 
100 1 |a Jacome, Luis. 
245 1 4 |a The Late 1990's Financial Crisis in Ecuador :   |b Institutional Weaknesses, Fiscal Rigidities, and Financial Dollarization At Work /  |c Luis Jacome. 
264 1 |a Washington, D.C. :  |b International Monetary Fund,  |c 2004. 
300 |a 1 online resource (47 pages) 
490 1 |a IMF Working Papers 
500 |a <strong>Off-Campus Access:</strong> No User ID or Password Required 
500 |a <strong>On-Campus Access:</strong> No User ID or Password Required 
506 |a Electronic access restricted to authorized BRAC University faculty, staff and students 
520 3 |a This paper stresses three factors that amplified the 1990s financial crisis in Ecuador, namely institutional weaknesses, rigidities in public finances, and high financial dollarization. Institutional factors restricted the government's ability to respond in a timely manner and efficiently enough to prevent the escalation of the banking crisis and spurred the adoption of suboptimal policy decisions. Public finance rigidities limited the government's capacity to correct existing imbalances and the deteriorating fiscal stance associated with the costs of the financial crisis. Financial dollarization increasingly reduced the effectiveness of financial safety nets, fostered foreign currency demand, and accelerated a currency crisis, thereby further worsening the solvency of banks. These three factors reinforced each other, exacerbating costs as the economy went through a triple banking, currency, and fiscal crisis. 
538 |a Mode of access: Internet 
830 0 |a IMF Working Papers; Working Paper ;  |v No. 2004/012 
856 4 0 |z Full text available on IMF  |u http://elibrary.imf.org/view/journals/001/2004/012/001.2004.issue-012-en.xml  |z IMF e-Library